Statistics for Famous Dead People

Click here to take the quiz!

General Stats

  • This quiz has been taken 187 times
  • The average score is 7 of 15

Answer Stats

HintAnswer% Correct
King of PopMichael Jackson
94%
Martial artistBruce Lee
74%
Blue Suede Shoes singerElvis Presley
69%
Mein KampfAdolf Hitler
68%
The JokerHeath Ledger
64%
The Fast and the Furious seriesPaul Walker
61%
Most famous pinup girlMarilyn Monroe
42%
Creater of Steamboat WillieWalt Disney
42%
California LoveTupac
36%
R&B singer, died in plane crashAaliyah
30%
Rocker, committed suicideKurt Cobain
30%
Animal crackers in my soup!Shirley Temple
17%
Anna Mae's manager and husbandIke Turner
15%
Sanford and SonRedd Foxx
15%
Mother of Mariska HartigayJayne Mansfield
14%

Score Distribution

Percentile by Number Answered

Percent of People with Each Score

Your Score History

You have not taken this quiz